| 000 | 01208 a2200229 4500 | ||
|---|---|---|---|
| 001 | 52901 | ||
| 005 | 20260407155803.0 | ||
| 008 | 260407a2005 arg spa d | ||
| 003 | AR-UNSa-BCEJYS | ||
| 040 |
_aAR-UNSa-BCEJYS _bspa _cAR-UNSa-BCEJYS |
||
| 080 |
_a330.43 _xEconometría |
||
| 245 | 1 | 0 | _aEconometría |
| 020 | _a84-205-4460-4 | ||
| 264 | 1 |
_aMadrid : _bPearson Educación _c2005 |
|
| 300 |
_axxv, 481 p. _c25 cm. |
||
| 505 | _a1. ¿Qué es la Econometría? - 2. El modelo de regresión lineal simple - 3. El modelo de regresión lineal general:especificaión y estimación - 4. El modelo de regresión lineal general:restricciones y contrastes - 5. El modelo de regresión lineal general:diagnóstico y utilización - 6. Problemas de especificación y muestrales - 7. Factores explicativos cualitativos y variables ficticias - 8. Otros métodos de estimación - 9. Heterocedasticidad - 10. Autocorrelación - 11. Regresores estocásticos y modelos dinámicos | ||
| 041 | _aspa | ||
| 942 | _cBK | ||
| 590 | _aniveau_biblio:m niveau_hierar:0 | ||
| 100 | 1 | _aFernández Gallastegui, Alonso | |
| 856 | 4 | 1 |
_uhttps://www.biblioeco.unsa.edu.ar/pmb/images/libros/L128334.jpg _yImagen de portada _qimage/jpeg |
| 999 |
_c5021 _d5021 |
||